01309nab a22002177a 4500003000400000005001700004008004100021040000700062100003000069245016600099260007200265300001400337500003800351505037400389505008900763650002000852650002300872650004200895650002200937773013200959OSt20260114022547.0190605e xxu||||| |||| 00| 0 spa d cPJ aAgostini, José Ignacio 10aLas observaciones de los Relatores Especiales del Comité de Derechos Humanos de Naciones Unidas sobre protocolo anti-piquete (2023) /cJosé Ignacio Agostini. aCiudad Autónoma de Buenos Aires :bThomson Reuters La Ley,c2024. ap. 91-107 aCita: TR LALEY AR/DOC/886/2024.  aSumario: I. Introducción.— II. Antecedentes históricos.— III. La denuncia.— IV. Las resoluciones del Ministerio Seguridad de la Nación.— V. El proyecto de ley de "Bases y Puntos de Partida para la Libertad de los Argentinos" y el derecho de reunión pacífica.— VI. Otra alarma en el tablero de control de calidad democrática.— VII. Conclusión.  t¿Te interesa el texto completo? Solicitalo al correo: koha@justierradelfuego.gov.ar 0aDERECHO LABORAL 0aDERECHO DE REUNION 0aDERECHOS Y GARANTIAS CONSTITUCIONALES 0aLIBERTAD SINDICAL0 02711dCiudad Autónoma de Buenos Aires : Thomson Reuters La Ley, 1999-2002.tRevista de derecho del trabajo. Nº 3 - Mayo 2024